Statystyki dla Historia Państwa-Białoruś

Kliknij tutaj aby rozwiązać quiz!

Ogólne statystyki

  • Ten quiz został rozwiązany 16 razy
  • Średni wynik to 1 z 7

Statystyki odpowiedzi

Które z koleiPaństwo% Poprawnych
7Białoruś
100%
3Białoruska Socjalistyczna Republika Radziecka / BSRR
7%
5BSRR
7%
4Białoruś Okupacyjna
0%
1Demokratyczna Republika Białorusi
0%
6Republika Białorusi
0%
2Socjalistyczna Republika Radziecka Litwy i Białorusi / SRRLB
0%

Rozkład punktacji

Percentyl według liczby udzielonych odpowiedzi

Procent ludzi z każdym wynikiem

Twoja historia wyników

Nie rozwiązałeś tego quizu